000 00648nam a2200229Ia 4500
003 OSt
005 20220928123946.0
006 a|||||r|||| 00| 0
007 ta
008 220927b |||||||| |||| 00| 0 eng d
024 _a43742
037 _cTextual
040 _aSDCL
_cSDCL
_beng
041 _2eng
_aeng
082 _aX65:8.73'N8, M6
100 _aLongstreth Bevis
_9462623
245 0 _aModern investment management and the prudent man rule.
260 _aNew York
_b Oxford University Press
_c1986
300 _axv,275p
_ccm.
942 _hX65:8.73'N8, M6
_cTEXL
_2CC
999 _c775590
_d775590